Wszystkie piosenki - Blacha 2115 - Statystyki

Ogólne statystyki
  • Ten quiz został rozwiązany 88 razy
  • Średni wynik to 14 z 28
Statystyki odpowiedzi
Hint Odpowiedź % Poprawnych
FAMA Casablanca - Bonus Track
84%
Trapical Moon Mademoiselle
82%
FAMA FAMA (feat. flexxy2115)
69%
Trapical Moon Trapical Moon
66%
Trapical Moon Bez moich braci (feat. White 2115)
61%
Trapical Moon Braciszku (feat. Bedoes)
60%
FAMA Pomarańczowe Niebo
58%
FAMA 2115
56%
FAMA Bonnie & Clyde
52%
FAMA Trapez
52%
Trapical Moon High Life (feat. Chivas)
48%
FAMA Trap Living (feat. White 2115)
48%
Trapical Moon Kalashnikov
45%
FAMA Lele (feat. White 2115)
45%
FAMA Pod Prąd (feat. Bedoes)
45%
Trapical Moon Tesla (feat. Bedoes, Kuqe 2115 & flexxy2115)
45%
Trapical Moon Trap Sims (feat. Beteo)
45%
FAMA Trivago
45%
FAMA Złoto
45%
Trapical Moon Pokerface
44%
FAMA TrapQueen
44%
Trapical Moon Jack&Cola
42%
FAMA Powiedz Bracie (feat. Kuqe 2115)
40%
Trapical Moon Szczyt
40%
Trapical Moon Carpe Diem (feat. White 2115)
37%
FAMA Pomyliłaś Bajkę (feat. Beteo)
37%
Trapical Moon Gdy zapada zmrok
35%
Trapical Moon Wiecznie Młody
34%
Nie znaleziono quizów pasujących do podanych kryteriów
Rozkład punktacji
Procent ludzi z każdym wynikiem
Percentyl według liczby udzielonych odpowiedzi
Twoja historia wyników
Nie rozwiązałeś tego quizu